Engineering electromagnetics (Record no. 3963)

000 -LEADER
fixed length control field 00510nam a2200193 i 4500
001 - CONTROL NUMBER
control field 3963
003 - CONTROL NUMBER IDENTIFIER
control field BD-DhUET
008 - FIXED-LENGTH DATA ELEMENTS--GENERAL INFORMATION
fixed length control field 800401s1981 nyua b 001 0 eng
020 ## - INTERNATIONAL STANDARD BOOK NUMBER
International Standard Book Number 0070273952
040 ## - CATALOGING SOURCE
Original cataloging agency DLC
Transcribing agency DLC
Modifying agency BD-DhUET
082 00 - DEWEY DECIMAL CLASSIFICATION NUMBER
Classification number 530.41
Item number HAY/1981
100 ## - MAIN ENTRY--PERSONAL NAME
Personal name Hayt, William H.
245 10 - TITLE STATEMENT
Title Engineering electromagnetics
Statement of responsibility, etc. by William H. Hayt
250 ## - EDITION STATEMENT
Edition statement 4th ed.
260 ## - PUBLICATION, DISTRIBUTION, ETC. (IMPRINT)
Place of publication, distribution, etc. New York
Name of publisher, distributor, etc. McGraw-Hill
Date of publication, distribution, etc. 1981
300 ## - PHYSICAL DESCRIPTION
Extent xiii, 527 p.
Other physical details ill.
Dimensions 25 cm.
650 #0 - SUBJECT ADDED ENTRY--TOPICAL TERM
Topical term or geographic name as entry element Electromagnetic theory
942 ## - ADDED ENTRY ELEMENTS (KOHA)
Koha item type General Book
Holdings
Date acquired Withdrawn status Damaged status Piece designation (barcode) Lost status Not for loan Koha full call number Sublocation or collection (holding branch) Source of classification or shelving scheme Koha item type Shelving location Koha date last seen Copy number Koha normalized classification for sorting Location (home branch) Price effective from
2014-11-10  79758  530.41/HAY/1981Central Library, BUET General BookCirculation section2014-11-101530_000000000000000_41HAY1981Central Library, BUET2014-11-10
2014-11-10  79759  530.41/HAY/1981Central Library, BUET General BookCirculation section2014-11-102530_000000000000000_41HAY1981Central Library, BUET2014-11-10
2014-11-29  79757  530.41/HAY/1981Central Library, BUET General BookCirculation section2014-11-293530_410000000000000_HAY_1981Central Library, BUET2014-11-29
2014-11-29  79756  530.41/HAY/1981Central Library, BUET General BookCirculation section2014-11-294530_000000000000000_41HAY1981Central Library, BUET2014-11-29
2015-06-11  79760  530.41/HAY/1981Central Library, BUET Reading ItemReading section2015-06-115530_410000000000000_HAY_1981Central Library, BUET2015-06-11